000 00579nam a2200229Ia 4500
003 OSt
005 20220924135022.0
006 a|||||r|||| 00| 0
007 ta
008 220923b |||||||| |||| 00| 0 ben d
024 _a288353
037 _cTextual
040 _aARTS
_cARTS
_bben
041 _2ben
_aben
082 _aNT4462xM63:g, 157M7
100 _aBandopadhyay S.
_9209710
245 0 _aNatyadeuler binodini
260 _c1987
650 _aARTS
942 _hNT4462xM63:g, 157M7
_cTEXL
_2CC
999 _c439525
_d439525